| 000 | 00472nam a22001817a 4500 | ||
|---|---|---|---|
| 003 | CEME | ||
| 005 | 20210628205154.0 | ||
| 008 | 210114b xxu||||| |||| 00| 0 eng d | ||
| 020 | _a9780070151413 | ||
| 040 | _c. | ||
| 082 | _a621.319 KAM | ||
| 100 |
_aKamaraju, V _974263 |
||
| 245 | _aElectrical power distribution systems | ||
| 260 |
_aINDIA _bMCGRAW HILL _c2014 |
||
| 300 | _aIX, 251P | ||
| 650 |
_aELECTRICAL POWER DISTRIBUTION SYSTEMS _974264 |
||
| 942 |
_cBK _2ddc |
||
| 999 |
_c579820 _d579820 |
||